[Event "Irish New Year-IM 2022"]
[Site "Dublin"]
[Date "2022.01.06"]
[Round "9.10"]
[White "Daly, Colm"]
[Black "Urh, Zala"]
[Result "1-0"]
[WhiteElo "2285"]
[BlackElo "2291"]
[Annotator "RC"]
[PlyCount "149"]
[EventDate "2022.01.02"]
[EventType "tourn"]
[EventCountry "IRL"]
[SourceTitle "playchess.com"]
[Source "ChessBase"]
[SourceQuality "1"]
[TimeControl "5400+30"]

1. Nf3 {[%emt 0:01:37]} Nf6 {[%emt 0:00:49]} 2. c4 {[%emt 0:00:45]} e6 {[%emt 0:00:06]} 3. b3 {[%emt 0:00:29]} d5 {[%emt 0:00:08]} 4. Bb2 {[%emt 0:00:03]} c5 {[%emt 0:00:13]} 5. e3 {[%emt 0:00:24]} Nc6 {[%emt 0:00:13]} 6. cxd5 {[%emt 0:00:24]} exd5 {[%emt 0:00:08]} 7. Bb5 {[%emt 0:00:34]} Bd6 {[%emt 0:00:16]} 8. d4 {[%emt 0:04:15]} cxd4 {[%emt 0:01:03]} 9. Nxd4 {[%emt 0:01:17]} O-O {[%emt 0:00:18]} 10. Nd2 {[%emt 0:02:55]} Ne5 {[%emt 0:05:36]} 11. O-O {[%emt 0:02:18]} Bg4 {[%emt 0:05:12]} 12. Be2 {[%emt 0:02:48]} Bd7 {[%emt 0:09:58]} 13. N4f3 {[%emt 0:06:18]} Ng6 {[%emt 0:03:13]} 14. Nc4 {[%emt 0:02:29]} Bc7 {[%emt 0:04:26]} 15. Nce5 {[%emt 0:07:02]} Nxe5 {[%emt 0:08:34]} 16. Bxe5 {[%emt 0:00:22]} Bxe5 {[%emt 0:02:17]} 17. Nxe5 {[%emt 0:00:07]} Bf5 {[%emt 0:00:14]} 18. Qd4 {[%emt 0:02:31]} Re8 {[%emt 0:01:47]} 19. Rfd1 {[%emt 0:03:06]} Qd6 {[%emt 0:11:28]} 20. Nf3 {[%emt 0:00:34]} a6 {[%emt 0:03:42]} 21. Rac1 {[%emt 0:00:40]} Qa3 {[%emt 0:01:54]} 22. Qa1 {[%emt 0:04:49]} Rac8 {[%emt 0:01:24]} 23. Nd4 {[%emt 0:00:38]} Be4 {[%emt 0:03:51]} 24. h3 {[%emt 0:00:43]} h6 {[%emt 0:00:20]} 25. Bg4 {[%emt 0:02:40]} Nxg4 {[%emt 0:06:03]} 26. hxg4 {[%emt 0:01:17]} Qe7 {[%emt 0:00:16]} 27. Rxc8 {[%emt 0:01:58]} Rxc8 {[%emt 0:02:42]} 28. Rc1 {[%emt 0:00:22]} Re8 {[%emt 0:01:05]} 29. Rc3 {[%emt 0:04:36]} Qh4 {[%emt 0:04:58]} 30. Qd1 {[%emt 0:02:31]} h5 {[%emt 0:02:54]} 31. f3 {[%emt 0:08:02]} Bg6 {[%emt 0:01:43]} 32. gxh5 {[%emt 0:01:11]} Qxh5 {[%emt 0:00:31]} 33. Qc1 {[%emt 0:01:17]} Re5 {[%emt 0:03:29]} 34. Qd2 {[%emt 0:22:28]} Qh6 {[%emt 0:09:04]} 35. g4 {[%emt 0:01:48]} Re8 {[%emt 0:01:50]} 36. Qh2 {[%emt 0:01:13]} Qg5 {[%emt 0:00:35]} 37. Kf2 {[%emt 0:03:34]} b5 {[%emt 0:00:51]} 38. a3 {[%emt 0:00:17]} Qe7 {[%emt 0:01:38]} 39. b4 {[%emt 0:00:19]} a5 {[%emt 0:01:44]} 40. bxa5 {[%emt 0:01:49]} b4 {[%emt 0:00:10]} 41. axb4 {[%emt 0:00:23]} Qxb4 {[%emt 0:00:06]} 42. Qc7 {[%emt 0:01:04]} Qb2+ {[%emt 0:01:00]} 43. Kg3 {[%emt 0:00:44]} Qb1 {[%emt 0:00:54]} 44. Rc1 {[%emt 0:00:14]} Qd3 {[%emt 0:00:08]} 45. Qc3 {[%emt 0:00:30]} Qa6 {[%emt 0:03:34]} 46. Qc6 {[%emt 0:00:16]} Ra8 {[%emt 0:00:28]} 47. Qxa6 {[%emt 0:00:19]} Rxa6 {[%emt 0:00:05]} 48. Rc8+ {[%emt 0:00:10]} Kh7 {[%emt 0:00:04]} 49. Rc5 {[%emt 0:00:07]} Bd3 {[%emt 0:01:00]} 50. Rxd5 {[%emt 0:00:17]} g6 {[%emt 0:00:09]} 51. g5 {[%emt 0:01:22]} Kg7 {[%emt 0:00:16]} 52. Kf4 {[%emt 0:01:21]} Kf8 {[%emt 0:00:28]} 53. Re5 {[%emt 0:01:00]} Bc4 {[%emt 0:00:39]} 54. Nc2 {[%emt 0:00:40]} f6 {[%emt 0:00:39]} 55. Rc5 {[%emt 0:00:33]} Be2 {[%emt 0:00:44]} 56. Nd4 {[%emt 0:01:27]} Bd3 {[%emt 0:00:28]} 57. e4 {[%emt 0:00:38]} fxg5+ {[%emt 0:00:34]} 58. Kxg5 {[%emt 0:00:49]} Ke7 {[%emt 0:00:11]} 59. Kf4 {[%emt 0:00:16]} Bf1 {[%emt 0:00:57]} 60. Ke5 {[%emt 0:00:13]} Kd7 {[%emt 0:00:12]} 61. Nc2 {[%emt 0:01:08]} Re6+ {[%emt 0:00:24]} 62. Kd4 {[%emt 0:00:21]} Rf6 {[%emt 0:00:26]} 63. Ke3 {[%emt 0:00:19]} Bg2 {[%emt 0:00:11]} 64. Nd4 {[%emt 0:00:16]} Bf1 {[%emt 0:00:12]} 65. e5 {[%emt 0:00:35]} Ra6 {[%emt 0:00:14]} 66. Ke4 {[%emt 0:01:05]} Bg2 {[%emt 0:00:40]} 67. Kd5 {[%emt 0:00:18]} Bh3 {[%emt 0:00:22]} 68. Rb5 {[%emt 0:00:56]} Bg2 {[%emt 0:00:35]} 69. e6+ {[%emt 0:00:21]} Ke8 {[%emt 0:00:20]} 70. Ke5 {[%emt 0:00:14]} Bf1 {[%emt 0:00:31]} 71. Rc5 {[%emt 0:00:26]} Ra8 {[%emt 0:00:32]} 72. Kf6 {[%emt 0:00:21]} Bd3 {[%emt 0:00:03]} 73. f4 {[%emt 0:01:22]} Rb8 {[%emt 0:01:00]} 74. Rc7 {[%emt 0:00:53]} Ra8 {[%emt 0:00:34]} 75. Rh7 {[%emt 0:02:01]} 1-0